000
00297nam a22001217a 4500
008
180515b xxu||||| |||| 00| 0 eng d
041
_a
eng
080
_a
043.3
100
_a
0
101
_a
SHKI-BA
245
_a
Krahasimi i Programimit ne Databaze me PL/SQL dhe T-SQL
_c
Hoti, A
942
_2
udc
_c
BK
999
_c
45786
_d
45786